000 00816nam a22002657a 4500
003 DO-SdBNP
005 20240305122231.0
007 ta
008 110301s2022 dr c j 000 0 spa d
020 _a9789945180459
040 _aDO-SdBNP
_bspa
_cBNPHU
082 4 _aRD863.5
_bP438a
_222
100 1 _aPérez Acosta, Yairys
_982993
245 1 3 _aEl amor de familia /
_cYairys Pérez Acosta
260 _aSanto Domingo :
_bTiempo de nosotros,
_c2022.
300 _a81 p. :
_bret.
_c23 cm.
490 1 _aCuento Infantil ;
500 _aIncluye datos biográficos del autor en la solapa de la portada.
521 _aJuvenil
590 _aInventariado, 2022/ YL
650 4 _aCuentos dominicanos
650 4 _aLiteratura dominicana
910 _aYLockward/Validado. Control de calidad MFF
942 _2ddc
_cLBS1
999 _c53072
_d53072